[Event "LTU ch Final 2020"]
[Site "Vilnius"]
[Date "2020.11.20"]
[Round "1.2"]
[White "Rozentalis, Eduardas"]
[Black "Vardanyan, Aras"]
[Result "1-0"]
[WhiteElo "2538"]
[BlackElo "2199"]
[PlyCount "59"]

1. e4 c5 2. Nf3 d6 3. Bb5+ Nd7 4. Ba4 Ngf6 5. O-O a6 6. c4 e5 7. Nc3 Be7 8. d3
O-O 9. a3 Rb8 10. b4 b6 11. Rb1 g6 12. h3 Nh5 13. Nd5 b5 14. cxb5 axb5 15. Bb3
Ng7 16. Nxe7+ Qxe7 17. Bg5 Qe8 18. Nh2 Kh8 19. f4 f5 20. fxe5 Nxe5 21. bxc5
dxc5 22. d4 cxd4 23. Qxd4 Bb7 24. Bf4 Nc6 25. Qb2 Rd8 26. exf5 Rxf5 27. Rbe1
Qf8 28. Be3 h5 29. Nf3 Qe7 30. Bb6 1-0

[Event "LTU ch Final 2020"]
[Site "Vilnius"]
[Date "2020.11.20"]
[Round "1.3"]
[White "Laurusas, Tomas"]
[Black "Pultinevicius, Paulius"]
[Result "1/2-1/2"]
[WhiteElo "2506"]
[BlackElo "2512"]
[PlyCount "93"]

1. d4 Nf6 2. c4 g6 3. g3 Bg7 4. Bg2 d5 5. Nf3 O-O 6. O-O dxc4 7. Na3 c3 8. bxc3
c5 9. e3 Nc6 10. Qe2 Bf5 11. h3 Qa5 12. Bb2 Be4 13. Rfc1 Rac8 14. Nc4 Qa6 15.
Bf1 Rfd8 16. Qd1 Bd5 17. Ncd2 Qa5 18. Nb3 Qa4 19. Nfd2 cxd4 20. cxd4 b6 21. Nb1
Ne4 22. N3d2 Qxd1 23. Rxd1 Nb4 24. Nxe4 Bxe4 25. Nc3 Bf3 26. Rdc1 e5 27. Nb5 a6
28. Nc7 exd4 29. Bxd4 Bxd4 30. exd4 Rxd4 31. a3 Nd3 32. Rc3 Ne5 33. Bxa6 Rcd8
34. Re1 Be4 35. Be2 Rd2 36. Re3 Rxe2 37. R3xe2 Nf3+ 38. Kf1 Nh2+ 39. Kg1 Nf3+
40. Kf1 Bd3 41. Rd1 Rd4 42. Rxd3 Rxd3 43. Rb2 Rxa3 44. Rxb6 Ra1+ 45. Kg2 Ne1+
46. Kf1 Nf3+ 47. Kg2 1/2-1/2

[Event "LTU ch Final 2020"]
[Site "Vilnius"]
[Date "2020.11.20"]
[Round "1.4"]
[White "Dambrauskas, Virginijus"]
[Black "Juksta, Karolis"]
[Result "0-1"]
[WhiteElo "2220"]
[BlackElo "2389"]
[PlyCount "58"]

1. d4 e6 2. c4 f5 3. g4 fxg4 4. h3 g3 5. fxg3 Nf6 6. Bg5 Bd6 7. Qd3 c5 8. d5
Na6 9. Na3 Nb4 10. Qb3 O-O 11. O-O-O a6 12. Bg2 Qc7 13. Bxf6 Rxf6 14. g4 exd5
15. cxd5 b5 16. Kb1 c4 17. Qc3 Bb7 18. Nc2 a5 19. h4 Be5 20. Qe3 Nxc2 21. Kxc2
d6 22. Nh3 a4 23. Kb1 a3 24. b3 cxb3 25. Qxb3 Ra4 26. Rd3 Rf8 27. Rc1 Rc4 28.
Qd1 Rc8 29. Rxc4 bxc4 0-1

[Event "LTU ch Final 2020"]
[Site "Vilnius"]
[Date "2020.11.20"]
[Round "1.5"]
[White "Kazakouski, Valery"]
[Black "Malisauskas, Vidmantas"]
[Result "1-0"]
[WhiteElo "2473"]
[BlackElo "2410"]
[PlyCount "67"]

1. d4 Nf6 2. Nf3 g6 3. c4 Bg7 4. g3 d5 5. cxd5 Nxd5 6. Bg2 Nb6 7. Nc3 Nc6 8. e3
O-O 9. O-O Re8 10. Re1 a5 11. h3 a4 12. Rb1 h6 13. Kh2 Be6 14. Nh4 Nb4 15. Bxb7
Ra7 16. Bg2 Nxa2 17. Nb5 Ra5 18. Na3 Bb3 19. Qe2 Nxc1 20. Rbxc1 e5 21. Qd2 Rd5
22. Bxd5 Qxd5 23. Rc5 Qd7 24. Rec1 exd4 25. Rxc7 Qd8 26. e4 Rxe4 27. Ng2 Kh7
28. Qd3 Qe8 29. Nb5 Be5 30. Rb7 Nd5 31. Qxe4 Bxg3+ 32. fxg3 Qxe4 33. Rxf7+ Kg8
34. Rc8+ 1-0

[Event "LTU ch Final 2020"]
[Site "Vilnius"]
[Date "2020.11.21"]
[Round "2.1"]
[White "Brazdzionis, Andrius"]
[Black "Malisauskas, Vidmantas"]
[Result "0-1"]
[WhiteElo "2317"]
[BlackElo "2410"]
[PlyCount "66"]

1. d4 g6 2. h4 Nf6 3. c4 c5 4. d5 b5 5. h5 Nxh5 6. e4 d6 7. cxb5 Nf6 8. Nc3 h5
9. f3 Bg7 10. Be3 a6 11. a4 O-O 12. Qd2 Qa5 13. e5 dxe5 14. Bxc5 Qc7 15. b4 Rd8
16. a5 axb5 17. Rd1 Rxa5 18. d6 exd6 19. Nxb5 Rxb5 20. Bxb5 d5 21. Bf2 Qb7 22.
Be2 d4 23. b5 Bf5 24. Qa5 Rc8 25. f4 d3 26. Bxd3 Bxd3 27. Rxd3 Qe4+ 28. Kd2
Qxg2 29. Rd8+ Rxd8+ 30. Qxd8+ Kh7 31. Qxb8 Ne4+ 32. Ke3 Nxf2 33. Nf3 Ng4+ 0-1

[Event "LTU ch Final 2020"]
[Site "Vilnius"]
[Date "2020.11.21"]
[Round "2.2"]
[White "Juksta, Karolis"]
[Black "Kazakouski, Valery"]
[Result "1/2-1/2"]
[WhiteElo "2389"]
[BlackElo "2473"]
[PlyCount "33"]

1. d4 f5 2. Nc3 Nf6 3. Bg5 d5 4. f3 c5 5. e4 Nc6 6. Bb5 fxe4 7. fxe4 Nxe4 8.
Nxe4 dxe4 9. Ne2 Qa5+ 10. Nc3 cxd4 11. Qxd4 Qxb5 12. Nxb5 Nxd4 13. Nxd4 Bd7 14.
O-O-O e5 15. Nb3 h6 16. Bh4 g5 17. Bg3 1/2-1/2

[Event "LTU ch Final 2020"]
[Site "Vilnius"]
[Date "2020.11.21"]
[Round "2.3"]
[White "Pultinevicius, Paulius"]
[Black "Dambrauskas, Virginijus"]
[Result "1-0"]
[WhiteElo "2512"]
[BlackElo "2220"]
[PlyCount "75"]

1. d4 d5 2. c4 c6 3. Nc3 Nf6 4. Nf3 e6 5. e3 Nbd7 6. Qc2 a6 7. b3 b5 8. Bd3 Bb7
9. O-O Be7 10. c5 g6 11. Bd2 O-O 12. b4 Re8 13. Ne5 Nxe5 14. dxe5 Ng4 15. f4 a5
16. a3 axb4 17. axb4 Rxa1 18. Rxa1 Qc7 19. Ne2 Ra8 20. Rxa8+ Bxa8 21. h3 Nh6
22. g4 Kf8 23. Nd4 Ng8 24. Kg2 Bd8 25. Be1 Qb8 26. Kf3 Bb7 27. h4 Bc7 28. h5
Qe8 29. Bh4 Bc8 30. Qh2 Bd7 31. hxg6 fxg6 32. Kg2 Qf7 33. Bg5 Kg7 34. f5 Bb8
35. Bf6+ Kf8 36. fxg6 hxg6 37. Qh8 Bc7 38. Nf3 1-0

[Event "LTU ch Final 2020"]
[Site "Vilnius"]
[Date "2020.11.21"]
[Round "2.4"]
[White "Vardanyan, Aras"]
[Black "Laurusas, Tomas"]
[Result "0-1"]
[WhiteElo "2199"]
[BlackElo "2506"]
[PlyCount "78"]

1. d4 Nf6 2. c4 e6 3. Nc3 Bb4 4. f3 c5 5. d5 d6 6. e4 b5 7. Nge2 bxc4 8. Ng3
exd5 9. exd5 O-O 10. Bxc4 Nbd7 11. O-O Nb6 12. Bb5 Bb7 13. Bg5 Bxc3 14. bxc3 h6
15. Bxf6 Qxf6 16. Ne4 Qe5 17. Re1 Bxd5 18. Nxc5 Qxc3 19. Nd7 Qa5 20. a4 Nxd7
21. Qxd5 Qb6+ 22. Kh1 Nf6 23. Qf5 d5 24. Rac1 a6 25. Bd3 Rfe8 26. Rxe8+ Rxe8
27. Rc8 Qc6 28. Rxe8+ Qxe8 29. h3 a5 30. Qf4 h5 31. Kh2 Qd8 32. g4 g6 33. Qe5
hxg4 34. hxg4 Nh7 35. Kg3 Nf8 36. f4 Qd7 37. Kh4 Qxa4 38. Qxd5 Qxf4 39. Bc4
Qh2+ 0-1

[Event "LTU ch Final 2020"]
[Site "Vilnius"]
[Date "2020.11.21"]
[Round "2.5"]
[White "Indriunas, Matas"]
[Black "Rozentalis, Eduardas"]
[Result "1/2-1/2"]
[WhiteElo "2235"]
[BlackElo "2538"]
[PlyCount "87"]

1. e4 c6 2. d4 d5 3. Nd2 Qc7 4. Bd3 dxe4 5. Nxe4 Bf5 6. Nf3 Nd7 7. O-O e6 8. c4
Bxe4 9. Bxe4 Ngf6 10. Bc2 Bd6 11. Re1 O-O 12. Bg5 Rfe8 13. Qe2 Bb4 14. Red1 Bf8
15. Ne5 g6 16. Bf4 Qb6 17. c5 Qd8 18. Nc4 Nd5 19. Bd6 b6 20. Bxf8 Rxf8 21. Ne5
Nxe5 22. Qxe5 Qe7 23. Ba4 Rac8 24. Rac1 b5 25. Bc2 Rfd8 26. Be4 a5 27. a3 a4
28. Bf3 Qc7 29. Qe4 Rd7 30. Rc2 Rb8 31. Qe1 Ne7 32. g3 h5 33. Kg2 Rbd8 34. Rcd2
Nf5 35. Qe4 Rd5 36. Kf1 e5 37. Bg2 exd4 38. h3 Re5 39. Qxc6 Qxc6 40. Bxc6 Rxc5
41. Be4 Kg7 42. Bxf5 Rxf5 43. Rxd4 Rc8 44. R1d2 1/2-1/2

[Event "LTU ch Final 2020"]
[Site "Vilnius"]
[Date "2020.11.22"]
[Round "3.1"]
[White "Rozentalis, Eduardas"]
[Black "Brazdzionis, Andrius"]
[Result "1-0"]
[WhiteElo "2538"]
[BlackElo "2317"]
[PlyCount "119"]

1. e4 c5 2. Nf3 d6 3. Bb5+ Nd7 4. O-O a6 5. Bxd7+ Bxd7 6. d4 cxd4 7. Qxd4 Rc8
8. a4 e5 9. Qd3 h6 10. c4 Qc7 11. b3 b5 12. axb5 axb5 13. Na3 bxc4 14. Nxc4 Be6
15. Ra4 Nf6 16. Be3 Be7 17. Rd1 O-O 18. Ra7 Qd8 19. h3 Qe8 20. Nb6 Rd8 21. Qc2
Nd7 22. Nd5 Bxd5 23. Rxd5 Rc8 24. Qb1 Nf6 25. Rd2 Ra8 26. Rda2 Rxa7 27. Rxa7 d5
28. exd5 Nxd5 29. Bd2 Qb8 30. Rd7 Qb5 31. Nxe5 Bf6 32. Qd3 Qxd3 33. Nxd3 Rd8
34. Rxd8+ Bxd8 35. Nf4 Nxf4 36. Bxf4 f5 37. Kf1 Kf7 38. Ke2 Ke6 39. Kd3 Kd5 40.
Be3 h5 41. b4 g5 42. f3 g4 43. b5 Bc7 44. b6 Bd6 45. Kc3 Kc6 46. Kc4 Ba3 47.
Kb3 Be7 48. Ka4 Bf6 49. Ka5 Kb7 50. Kb5 Bd8 51. Bd4 Be7 52. Be5 Ba3 53. Bc7 Be7
54. Kc4 Kc6 55. Kd4 Bf6+ 56. Be5 Bh4 57. b7 Bf2+ 58. Kc4 Kxb7 59. Kd5 gxh3 60.
gxh3 1-0

[Event "LTU ch Final 2020"]
[Site "Vilnius"]
[Date "2020.11.22"]
[Round "3.2"]
[White "Laurusas, Tomas"]
[Black "Indriunas, Matas"]
[Result "1-0"]
[WhiteElo "2506"]
[BlackElo "2235"]
[PlyCount "95"]

1. d4 Nf6 2. Nf3 g6 3. g3 Bg7 4. Bg2 O-O 5. O-O d6 6. c4 Nc6 7. Nc3 a6 8. b3 e5
9. dxe5 dxe5 10. Ba3 Re8 11. Ng5 Bd7 12. Rc1 h6 13. Nge4 Nxe4 14. Bxe4 f5 15.
Bd5+ Kh7 16. Bf7 Rh8 17. Qd5 Nd4 18. Rfd1 Bc6 19. Qxd8 Rhxd8 20. Kf1 b5 21. h4
h5 22. e3 Nf3 23. Bd5 Bxd5 24. cxd5 Rd7 25. e4 Bh6 26. Rc2 Nd4 27. Rb2 a5 28.
Bc5 b4 29. Bxd4 exd4 30. Na4 fxe4 31. Re2 Rxd5 32. Rxe4 Bg7 33. Ke2 Ra6 34. Rc1
Re5 35. Rxe5 Bxe5 36. Kd3 Kg8 37. Rc5 Bg7 38. Rxc7 Rf6 39. Rc2 Rf3+ 40. Ke4 Rf8
41. Nb6 Re8+ 42. Kd3 Re1 43. Nc4 Re6 44. Nxa5 Ra6 45. Nc6 Rb6 46. Rc4 Ra6 47.
Nxb4 Rf6 48. Rc2 1-0

[Event "LTU ch Final 2020"]
[Site "Vilnius"]
[Date "2020.11.22"]
[Round "3.3"]
[White "Dambrauskas, Virginijus"]
[Black "Vardanyan, Aras"]
[Result "1-0"]
[WhiteElo "2220"]
[BlackElo "2199"]
[PlyCount "109"]

1. Nf3 Nf6 2. c4 c5 3. g3 g6 4. Bg2 Bg7 5. O-O O-O 6. d4 cxd4 7. Nxd4 Nc6 8.
Nc2 d6 9. Nc3 Be6 10. Ne3 Qd7 11. Re1 Bh3 12. Bh1 Rfc8 13. Bd2 Ne5 14. b3 Neg4
15. Rc1 Nxe3 16. Bxe3 Ng4 17. Bd2 Qf5 18. Bf3 Rab8 19. Nd5 Kf8 20. Nf4 Ne5 21.
Bh1 Bh6 22. e4 Qd7 23. Nxg6+ hxg6 24. Bxh6+ Kg8 25. Bf4 Rc5 26. Be3 Rcc8 27.
Bd4 a5 28. Bg2 a4 29. Bxh3 Qxh3 30. Bxe5 dxe5 31. Qd5 axb3 32. axb3 Qh5 33. Qd1
Qg5 34. Rc3 Kg7 35. h4 Qf6 36. Rf3 Qe6 37. Qd5 Rc6 38. Qxe6 Rxe6 39. Rd1 f6 40.
Rc3 Rb6 41. Kf1 Ra8 42. Ke2 Kf7 43. Rdd3 Rb4 44. Ke3 Ra1 45. Kd2 Ra3 46. Kc1
Ra2 47. Rc2 Ra1+ 48. Kb2 Re1 49. Re3 Rxe3 50. fxe3 Rb6 51. Rd2 Ke8 52. Kc3 e6
53. c5 Ra6 54. Kc4 Ra1 55. Rd6 1-0

[Event "LTU ch Final 2020"]
[Site "Vilnius"]
[Date "2020.11.22"]
[Round "3.4"]
[White "Kazakouski, Valery"]
[Black "Pultinevicius, Paulius"]
[Result "0-1"]
[WhiteElo "2473"]
[BlackElo "2512"]
[PlyCount "98"]

1. Nf3 Nf6 2. c4 c5 3. b3 g6 4. Bb2 Bg7 5. g3 d6 6. Bg2 O-O 7. O-O e5 8. d3 Nc6
9. Nc3 Qd7 10. e3 b6 11. Nd2 Bb7 12. Nde4 Ne8 13. Nd5 Ne7 14. Nec3 Nxd5 15.
Nxd5 f5 16. Qd2 Nf6 17. Nxf6+ Bxf6 18. Bxb7 Qxb7 19. d4 cxd4 20. exd4 e4 21.
Ba3 Rad8 22. Rad1 Rfe8 23. Rfe1 d5 24. c5 g5 25. Qe2 Re6 26. b4 b5 27. Bc1 a6
28. f4 Qg7 29. Qf2 g4 30. Be3 h5 31. Kg2 h4 32. Rh1 a5 33. a4 h3+ 34. Kf1 Rb8
35. Qe2 Qd7 36. Rb1 axb4 37. Rxb4 Ra6 38. Kf2 Rxa4 39. Rhb1 Rxb4 40. Rxb4 Qc6
41. Qb2 Kf7 42. Bd2 Ke6 43. Ke3 Qa6 44. Kf2 Kd7 45. Rb3 Qa4 46. Bb4 Ra8 47. c6+
Kc7 48. Bc5 Qc4 49. Ke1 Qxc5 0-1

[Event "LTU ch Final 2020"]
[Site "Vilnius"]
[Date "2020.11.22"]
[Round "3.5"]
[White "Malisauskas, Vidmantas"]
[Black "Juksta, Karolis"]
[Result "0-1"]
[WhiteElo "2410"]
[BlackElo "2389"]
[PlyCount "60"]

1. d4 e6 2. c4 f5 3. Nf3 Nf6 4. g3 d5 5. Bg2 Be7 6. O-O Ne4 7. b3 Nc6 8. e3 h5
9. Bb2 h4 10. Nbd2 hxg3 11. hxg3 Bf6 12. Nxe4 dxe4 13. Ne5 Bxe5 14. dxe5 Qg5
15. b4 Qh6 16. f4 Qh2+ 17. Kf2 Rh3 18. Rh1 Qxg3+ 19. Kf1 Rxh1+ 20. Bxh1 g6 21.
Qd2 Bd7 22. b5 Ne7 23. Ba3 Nd5 24. Re1 Nb6 25. Rc1 O-O-O 26. Qf2 Qg4 27. Ke1
Be8 28. Bc5 Nxc4 29. a4 Rd2 30. Qxd2 Qg1+ 0-1

[Event "LTU ch Final 2020"]
[Site "Vilnius"]
[Date "2020.11.22"]
[Round "4.2"]
[White "Pultinevicius, Paulius"]
[Black "Malisauskas, Vidmantas"]
[Result "0-1"]
[WhiteElo "2512"]
[BlackElo "2410"]
[PlyCount "98"]

1. d4 g6 2. e4 Bg7 3. c4 d6 4. Nc3 Nc6 5. d5 Nd4 6. Be3 e5 7. Nge2 Nxe2 8. Bxe2
Bh6 9. Bxh6 Nxh6 10. h4 f6 11. Qd2 Nf7 12. O-O-O Qe7 13. Kb1 Bd7 14. Rc1 a6 15.
h5 g5 16. h6 O-O 17. Nd1 f5 18. exf5 Bxf5+ 19. Ka1 e4 20. Ne3 Ne5 21. Rc3 Bg6
22. Bg4 Nxg4 23. Nxg4 Rf4 24. Rg3 Raf8 25. Qc3 R8f7 26. f3 exf3 27. gxf3 Qf8
28. Rhh3 b5 29. Ne3 Qe7 30. Rh1 Rxf3 31. Rxf3 Rxf3 32. Re1 Qf8 33. cxb5 axb5
34. Rg1 b4 35. Qc1 Qxh6 36. Nc4 Qh4 37. Nd2 Rf7 38. Nb3 Qf4 39. Qd1 Qf3 40. Qd2
h6 41. Rc1 Qf4 42. Qe1 g4 43. Rd1 g3 44. Qe6 Kg7 45. Qh3 Bf5 46. Qh1 Be4 47.
Qe1 g2 48. Qxb4 Bf3 49. Qc3+ Qf6 0-1

[Event "LTU ch Final 2020"]
[Site "Vilnius"]
[Date "2020.11.22"]
[Round "4.3"]
[White "Vardanyan, Aras"]
[Black "Kazakouski, Valery"]
[Result "0-1"]
[WhiteElo "2199"]
[BlackElo "2473"]
[PlyCount "64"]

1. d4 Nf6 2. Bf4 e6 3. e3 b6 4. Qf3 d5 5. Nc3 Bb4 6. Nge2 Ba6 7. a3 Bd6 8.
O-O-O O-O 9. g4 Nc6 10. Ng3 Bxf1 11. Rhxf1 Ne7 12. h4 Bxf4 13. exf4 c6 14. Rfe1
Qd6 15. h5 Rfe8 16. g5 Nd7 17. f5 Nxf5 18. Nxf5 exf5 19. Qxf5 Re6 20. f4 Nf8
21. Qg4 Rae8 22. Rf1 Re3 23. Rg1 b5 24. f5 a5 25. f6 g6 26. hxg6 Nxg6 27. Rdf1
Qe6 28. Qd1 b4 29. Nb1 Re2 30. Qd3 Re3 31. Qd2 Qe4 32. Rd1 Nf4 0-1

[Event "LTU ch Final 2020"]
[Site "Vilnius"]
[Date "2020.11.22"]
[Round "4.4"]
[White "Indriunas, Matas"]
[Black "Dambrauskas, Virginijus"]
[Result "1-0"]
[WhiteElo "2235"]
[BlackElo "2220"]
[PlyCount "73"]

1. e4 c5 2. Nf3 a6 3. c4 d6 4. d4 cxd4 5. Nxd4 Nf6 6. Nc3 e6 7. Be3 Nbd7 8. Be2
b6 9. g4 Bb7 10. f3 Ne5 11. g5 Nfd7 12. f4 Nc6 13. Nxc6 Bxc6 14. Bf3 Be7 15.
Qd2 b5 16. O-O-O Qa5 17. Kb1 bxc4 18. h4 Rb8 19. h5 Nc5 20. Qd4 e5 21. Qxc4 Rb4
22. Qe2 Bxe4+ 23. Nxe4 Nxe4 24. Qc2 exf4 25. Qc6+ Kf8 26. Bxf4 f5 27. Bxe4 Rxe4
28. Qc8+ Bd8 29. Bxd6+ Kf7 30. Qd7+ Be7 31. g6+ hxg6 32. hxg6+ Kxg6 33. Rxh8
Bg5 34. Re8 Qa4 35. Re6+ Kh5 36. Qf7+ Kh4 37. Rh1+ 1-0

[Event "LTU ch Final 2020"]
[Site "Vilnius"]
[Date "2020.11.22"]
[Round "4.5"]
[White "Rozentalis, Eduardas"]
[Black "Laurusas, Tomas"]
[Result "1/2-1/2"]
[WhiteElo "2538"]
[BlackElo "2506"]
[PlyCount "41"]

1. e4 c5 2. Nf3 e6 3. c3 d5 4. exd5 Qxd5 5. d4 Nf6 6. Be3 cxd4 7. cxd4 Nc6 8.
a3 Be7 9. Nc3 Qd6 10. Bd3 b6 11. O-O Bb7 12. Qe2 O-O 13. Rad1 Rad8 14. Rfe1 Qc7
15. Bb1 Rd7 16. Bg5 Qd8 17. Bxf6 Bxf6 18. d5 exd5 19. Nxd5 Nd4 20. Nxf6+ Qxf6
21. Nxd4 1/2-1/2

[Event "LTU ch Final 2020"]
[Site "Vilnius"]
[Date "2020.11.23"]
[Round "5.1"]
[White "Laurusas, Tomas"]
[Black "Brazdzionis, Andrius"]
[Result "1-0"]
[WhiteElo "2506"]
[BlackElo "2317"]
[PlyCount "57"]

1. d4 Nf6 2. c4 e6 3. Nf3 d5 4. Nc3 Bb4 5. cxd5 exd5 6. Bg5 h6 7. Bxf6 Qxf6 8.
Qa4+ Nc6 9. e3 O-O 10. Rc1 Qg6 11. Qd1 Re8 12. a3 Bxc3+ 13. Rxc3 a6 14. h3 Qd6
15. Bd3 Ne7 16. Qc2 c6 17. O-O g6 18. Rb3 Rb8 19. Qc5 Qc7 20. Rc1 Be6 21. Ne5
Kg7 22. Bf1 f6 23. Nd3 g5 24. Qb6 Qxb6 25. Rxb6 Nc8 26. Rb3 Nd6 27. Nc5 a5 28.
Nxe6+ Rxe6 29. Rxc6 1-0

[Event "LTU ch Final 2020"]
[Site "Vilnius"]
[Date "2020.11.23"]
[Round "5.2"]
[White "Dambrauskas, Virginijus"]
[Black "Rozentalis, Eduardas"]
[Result "0-1"]
[WhiteElo "2220"]
[BlackElo "2538"]
[PlyCount "68"]

1. d4 Nf6 2. Bf4 c5 3. dxc5 Qa5+ 4. Qd2 Qxc5 5. Qc3 b6 6. Qxc5 bxc5 7. c4 Nc6
8. Nc3 d6 9. h3 g6 10. e3 Bg7 11. Rc1 Rb8 12. b3 Nb4 13. g4 h5 14. g5 Nd7 15.
Kd2 Bxc3+ 16. Rxc3 Nxa2 17. Rc2 Nb4 18. Rb2 Bb7 19. f3 Ne5 20. Be2 h4 21. Rh2
f6 22. Rg2 f5 23. Kc3 Nf7 24. Bh2 e5 25. Bd1 Ke7 26. Rbf2 Rbd8 27. Rd2 Ke6 28.
Bc2 Rh5 29. Bb1 Rxg5 30. Rxg5 Nxg5 31. Bxe5 Kxe5 32. f4+ Kf6 33. fxg5+ Kxg5 34.
Ne2 Re8 0-1

[Event "LTU ch Final 2020"]
[Site "Vilnius"]
[Date "2020.11.23"]
[Round "5.3"]
[White "Kazakouski, Valery"]
[Black "Indriunas, Matas"]
[Result "1-0"]
[WhiteElo "2473"]
[BlackElo "2235"]
[PlyCount "61"]

1. Nf3 Nf6 2. c4 g6 3. Nc3 Bg7 4. e4 d6 5. d4 O-O 6. h3 e5 7. d5 a5 8. Bg5 h6
9. Be3 Na6 10. g4 Bd7 11. Be2 Kh7 12. Nd2 Ng8 13. h4 f5 14. gxf5 gxf5 15. exf5
Ne7 16. f6 Bxf6 17. Bd3+ Nf5 18. Qg4 Bg7 19. Rg1 Qf6 20. Nde4 Qxh4 21. Qg6+ Kh8
22. Nxd6 Rf6 23. Qg2 cxd6 24. Bxf5 Rf7 25. Qg6 Bxf5 26. Qxf7 Bf6 27. Kd2 Nc5
28. Rh1 Bh3 29. Rxh3 Qxh3 30. Qxf6+ Kh7 31. Rg1 1-0

[Event "LTU ch Final 2020"]
[Site "Vilnius"]
[Date "2020.11.23"]
[Round "5.4"]
[White "Malisauskas, Vidmantas"]
[Black "Vardanyan, Aras"]
[Result "1-0"]
[WhiteElo "2410"]
[BlackElo "2199"]
[PlyCount "85"]

1. d4 Nf6 2. c4 g6 3. Nc3 Bg7 4. e4 d6 5. Nf3 O-O 6. h3 c5 7. d5 e6 8. Be2 exd5
9. exd5 Re8 10. O-O Bf5 11. g4 Be4 12. Bf4 h6 13. Qb3 Na6 14. a3 Nc7 15. a4 Qd7
16. Nd2 g5 17. Bg3 Bg6 18. Bf3 Na6 19. Nb5 Bf8 20. Qc3 Qd8 21. Rfe1 Rxe1+ 22.
Rxe1 Nb4 23. Ne4 Bxe4 24. Bxe4 a6 25. Na3 Nxe4 26. Rxe4 Bg7 27. Qd2 Qf6 28. Nb1
b5 29. Nc3 bxc4 30. Qe2 Kf8 31. Rxc4 Re8 32. Re4 Rd8 33. Kg2 Qg6 34. Qf3 Kg8
35. Re7 Nd3 36. Qe2 Kh7 37. Ne4 Nxb2 38. Qf3 Kg8 39. Nxd6 Bf6 40. Nf5 c4 41.
Bc7 Rf8 42. d6 Nd3 43. d7 1-0

[Event "LTU ch Final 2020"]
[Site "Vilnius"]
[Date "2020.11.23"]
[Round "5.5"]
[White "Juksta, Karolis"]
[Black "Pultinevicius, Paulius"]
[Result "1-0"]
[WhiteElo "2389"]
[BlackElo "2512"]
[PlyCount "81"]

1. d4 Nf6 2. c4 g6 3. Nc3 d5 4. Nf3 Bg7 5. h4 c6 6. cxd5 cxd5 7. Bf4 Nc6 8. e3
O-O 9. Qb3 Na5 10. Qb4 Nc6 11. Qb3 Na5 12. Qb4 Bf5 13. Be2 Ne4 14. Rc1 Rc8 15.
O-O Nxc3 16. Rxc3 Rxc3 17. Qxc3 Nc6 18. b4 Bg4 19. Rc1 Re8 20. b5 e5 21. Bg5
exd4 22. exd4 Ne7 23. Qc7 Qxc7 24. Rxc7 Nf5 25. Kf1 h6 26. Bd2 Nxh4 27. Rxb7
Nxf3 28. Bxf3 Bxf3 29. gxf3 Bxd4 30. Be3 Bxe3 31. fxe3 Rxe3 32. Rxa7 Rxf3+ 33.
Ke2 Rh3 34. b6 Rh2+ 35. Kd3 Kg7 36. b7 Rb2 37. Kc3 Rb1 38. Kc2 Rb4 39. a3 Rb6
40. a4 h5 41. a5 1-0

[Event "LTU ch Final 2020"]
[Site "Vilnius"]
[Date "2020.11.24"]
[Round "6.1"]
[White "Brazdzionis, Andrius"]
[Black "Pultinevicius, Paulius"]
[Result "1-0"]
[WhiteElo "2317"]
[BlackElo "2512"]
[PlyCount "73"]

1. d4 Nf6 2. c4 g6 3. Nc3 d5 4. Nf3 Bg7 5. h4 dxc4 6. e4 c5 7. d5 b5 8. h5 Nxh5
9. Nxb5 Qa5+ 10. Nc3 O-O 11. Bd2 Bg4 12. Bxc4 Nd7 13. Be2 Rab8 14. Qc2 Nf4 15.
Nb5 Rxb5 16. Bxa5 Rxb2 17. Qxb2 Bxb2 18. Rb1 Rb8 19. Kf1 Nxe2 20. Kxe2 f5 21.
e5 f4 22. e6 Nf6 23. Bc3 Nxd5 24. Bxb2 Bf5 25. Rxh7 Rxb2+ 26. Rxb2 Kxh7 27. Rb7
Kg7 28. Rxa7 Kf6 29. a4 g5 30. a5 g4 31. Nd2 f3+ 32. gxf3 gxf3+ 33. Kxf3 Ke5
34. Nc4+ Kd4 35. Ne3 Bxe6 36. Nxd5 Bxd5+ 37. Ke2 1-0

[Event "LTU ch Final 2020"]
[Site "Vilnius"]
[Date "2020.11.24"]
[Round "6.2"]
[White "Vardanyan, Aras"]
[Black "Juksta, Karolis"]
[Result "1/2-1/2"]
[WhiteElo "2199"]
[BlackElo "2389"]
[PlyCount "61"]

1. Nf3 f5 2. d3 d6 3. e4 e5 4. Nc3 Nc6 5. exf5 Bxf5 6. d4 Bg4 7. dxe5 dxe5 8.
Qxd8+ Rxd8 9. Be2 Nb4 10. Bd1 Nf6 11. a3 Bxf3 12. gxf3 Nc6 13. Ne4 Nxe4 14.
fxe4 Bc5 15. c3 O-O 16. f3 Bb6 17. h4 Rd6 18. h5 Nd8 19. Bg5 Re8 20. Bb3+ Kh8
21. Ke2 Ne6 22. Bxe6 Rexe6 23. Rad1 Kg8 24. Rd3 Kf7 25. Rhd1 Rxd3 26. Rxd3 Rd6
27. Rxd6 cxd6 28. Kd3 Ke6 29. Kc4 Bf2 30. a4 a6 31. Bd2 1/2-1/2

[Event "LTU ch Final 2020"]
[Site "Vilnius"]
[Date "2020.11.24"]
[Round "6.3"]
[White "Indriunas, Matas"]
[Black "Malisauskas, Vidmantas"]
[Result "1/2-1/2"]
[WhiteElo "2235"]
[BlackElo "2410"]
[PlyCount "104"]

1. e4 c5 2. Nc3 Nc6 3. Nge2 d6 4. d4 cxd4 5. Nxd4 Nf6 6. Be3 Ng4 7. Bg5 Qb6 8.
Bb5 Bd7 9. O-O Qxd4 10. Bxc6 Qxd1 11. Bxd7+ Kxd7 12. Raxd1 h6 13. Bd2 Ne5 14.
Nd5 e6 15. Ne3 Rc8 16. b3 g5 17. c4 Kc7 18. Nc2 g4 19. f4 gxf3 20. gxf3 Be7 21.
Kf2 Ng6 22. f4 Kb8 23. f5 Ne5 24. Ne3 Rcg8 25. Bc3 b6 26. Ke2 Kc7 27. fxe6 fxe6
28. Bxe5 dxe5 29. Rf7 Re8 30. Ng4 Rhf8 31. Nxh6 Rxf7 32. Nxf7 Rg8 33. Nxe5 Bd6
34. Nf3 Rg2+ 35. Ke3 Rxa2 36. e5 Bc5+ 37. Kf4 Ra3 38. Rd3 a5 39. Ke4 a4 40.
bxa4 Rxa4 41. Rc3 b5 42. h4 b4 43. Rb3 Kb6 44. Nd4 Ra1 45. Nxe6 Rh1 46. Rd3
Rxh4+ 47. Kd5 Bg1 48. c5+ Kb5 49. c6 Bb6 50. c7 Rc4 51. Nd4+ Bxd4 52. Rxd4 Rxc7
1/2-1/2

[Event "LTU ch Final 2020"]
[Site "Vilnius"]
[Date "2020.11.24"]
[Round "6.4"]
[White "Rozentalis, Eduardas"]
[Black "Kazakouski, Valery"]
[Result "1/2-1/2"]
[WhiteElo "2538"]
[BlackElo "2473"]
[PlyCount "31"]
[EventDate "2020.??.??"]
[TimeControl "6000+905"]
[WhiteClock "0:57:30"]
[BlackClock "0:49:03"]

1. e4 e5 2. Nf3 Nc6 3. Nc3 Nf6 4. Bb5 Bd6 5. a3 Nd4 6. Bc4 c6 7. d3 Bc7 8. Be3
Nxf3+ 9. Qxf3 d6 10. h3 h6 11. O-O O-O 12. Ba2 Be6 13. Ne2 d5 14. Ng3 Bb6 15.
Qe2 Re8 16. Kh1 1/2-1/2

[Event "LTU ch Final 2020"]
[Site "Vilnius"]
[Date "2020.11.24"]
[Round "6.5"]
[White "Laurusas, Tomas"]
[Black "Dambrauskas, Virginijus"]
[Result "1-0"]
[WhiteElo "2506"]
[BlackElo "2220"]
[PlyCount "55"]

1. d4 d5 2. c4 c6 3. Nf3 Nf6 4. Nc3 a6 5. c5 Bf5 6. Bf4 h6 7. e3 Nbd7 8. h3 g5
9. Bh2 Bg7 10. Bd3 Bxd3 11. Qxd3 O-O 12. O-O Ne8 13. e4 dxe4 14. Qxe4 Ndf6 15.
Qc2 Nc7 16. Rad1 Ncd5 17. Ne5 Qc8 18. Qb3 Ra7 19. Rfe1 Ra8 20. Rd2 Ra7 21. Rde2
Qd8 22. Rd2 Qc8 23. Nc4 Rd8 24. Bg3 Bf8 25. Rde2 Bg7 26. Rxe7 Nxe7 27. Rxe7 Rd7
28. Nb6 1-0

[Event "LTU ch Final 2020"]
[Site "Vilnius"]
[Date "2020.11.25"]
[Round "7.1"]
[White "Dambrauskas, Virginijus"]
[Black "Brazdzionis, Andrius"]
[Result "1/2-1/2"]
[WhiteElo "2220"]
[BlackElo "2317"]
[PlyCount "29"]

1. d4 Nf6 2. c4 e6 3. Nf3 d5 4. Nc3 Bb4 5. cxd5 exd5 6. Qa4+ Nc6 7. Bg5 h6 8.
Bxf6 Qxf6 9. e3 O-O 10. Rc1 Qg6 11. Qb3 Rd8 12. a3 Ba5 13. h3 a6 14. Qa2 Bxc3+
15. Rxc3 1/2-1/2

[Event "LTU ch Final 2020"]
[Site "Vilnius"]
[Date "2020.11.25"]
[Round "7.2"]
[White "Kazakouski, Valery"]
[Black "Laurusas, Tomas"]
[Result "1/2-1/2"]
[WhiteElo "2473"]
[BlackElo "2506"]
[PlyCount "31"]

1. Nf3 d5 2. c4 c6 3. g3 Nf6 4. Bg2 Bg4 5. Ne5 Be6 6. cxd5 Bxd5 7. Nf3 c5 8.
Nc3 Bc6 9. O-O e6 10. d3 Be7 11. e4 O-O 12. Re1 Nbd7 13. d4 cxd4 14. Nxd4 e5
15. Nf5 Bc5 16. Be3 1/2-1/2